000 01190nas a2200385 4500
001 BR2019000442
003 BR-BrBNA
005 20231205131607.0
007 ta
008 230509b bl.|||p| |||| 00| 00por d
040 _aBR-BrBNA
_bpor
_cBiblioteca Nacional de Agricultura
041 _a(En)
072 _aP01
100 1 _aMüller Júnior, V.
100 1 _aKoucher, L. de P.
100 1 _aSouza, M.
100 1 _aLima, A.P.
100 1 _aKurtz, C.
100 1 _aCouto, R. da R.
100 1 _aLovato, P.E.
100 1 _aGiacomini, S.J.
100 1 _aBrunetto, G.
100 1 _aComin, J.
245 1 _aNitrous oxide emissions in No-Tillage onion (Allium cepa L.)crops are increased by oilseed radish cover crop and poultry manure application
650 _aCEBOLA
650 _aAZOTO
650 _aADUBO ORGÂNICO
650 _aMEIO AMBIENTE
650 _aGÁS
650 _aEFEITO ESTUFA
773 0 _tRevista Brasileira de Ciência do Solo (Brazil)
_xISSN 1806-9657
_g(2019), v. 43 p. 1-13
_wBR2019000442
856 4 0 _uhttp://www.scielo.br/pdf/rbcs/v43/1806-9657-rbcs-43-e0180116.pdf
909 _a202311
_bLúcia
_c55
_dLúcia Elande
942 _2AGRIS
_n0
_cANA
999 _c255625
_d255625